000 01564nam a22002537a 4500
008 160803s2007 xxu||||| |||| 00| 0 eng d
020 _a9781858943909
082 0 4 _a708
_bG562g
245 1 0 _aGlobal feminisms :
_bnew directions in contemporary art /
_ceditado por Maura Reilly y Linda Nochlin ; Brooklyn Museum.
250 _a1a ed.
260 _aBrooklyn, Estados Unidos :
_bMerrell Publishers Limited,
_c2007.
300 _a304 p.
_bil. col.
500 _aCatálogo publicado en ocasión a la exhibición "Global Feminisms", organizado por Brooklyn Museum y presentada del 23 de marzo al 1 de julio del 2007.
505 0 _tIntroduction: toward transnational feminisms
_rMaura Reilly.
_tWomen artists then and now: painting, sculpture, and the image of the self
_rLinda Nochlin.
_tProviding a space of freedom: women artists from Africa
_rN'Goné Fall.
_tGender mobility: through the lens of five women artists in India
_rGeeta Kapur.
_tContemporary japanese women's self-awareness
_rMichiko Kasahara.
_tWhat is feminist about contemporary asian women's art
_rJoan Kee.
_tCentral American women artists in global age
_rVirginia Pérez-Ratton.
_tWestern European women artists: speaking in a minor voice
_rElisabeth Lebovici.
_tPost-totalitarian art: Eastern and Central Europe
_rCharlotta Kotík.
653 1 0 _aArte contemporáneo
653 1 0 _aFeminismo
653 1 0 _aInstalaciones
653 1 0 _aCatálogo de exhibición
653 1 0 _aExhibiciones
653 1 0 _aPintura
653 1 0 _aArte feminista
653 1 0 _aFeminismo global
710 1 _aBrooklyn Museum.
_95376
999 _c998
_d998